Análisis del consumo de agua en hospitales

Αποθηκεύτηκε σε:
Λεπτομέρειες βιβλιογραφικής εγγραφής
Κύριος συγγραφέας: Campos Zarate, Silvia Lorena
Μορφή: Βιβλίο
Έκδοση: San José, Costa Rica 1992
Θέματα:
Ετικέτες: Προσθήκη ετικέτας
Δεν υπάρχουν, Καταχωρήστε ετικέτα πρώτοι!

MARC

LEADER 00000nam a2200000Ia 4500
003 005449
005 20221231144324.0
008 140114s1992 cr a m 000 ||s d
040 |c cru CEDI 
090 |a TFG 2599 
100 |a Campos Zarate, Silvia Lorena  |9 12496 
245 |a Análisis del consumo de agua en hospitales 
260 |c 1992  |a San José, Costa Rica 
300 |a  x, 167 páginas : ilustraciones ; 28 cm.  
500 |a  Tesis (licenciatura en ingeniería civil)--Universidad de Costa Rica. Facultad de Ingeniería. Escuela de Ingeniería Civil 
650 |x HOSPITALES - COSTA RICA   |x CONSUMO DE AGUA  |9 12497 
942 |c TFG 
999 |c 20127  |d 20127